Mawar tiga serangkai
| Main Author: | |
|---|---|
| Format: | Book |
| Published: |
Selangor :
Eddiplex sdn bhd ,
2002
|
| Series: | Siri novel mencabar keberanian
|
MARC
| LEADER | 00000cam a2200000 7i4500 | ||
|---|---|---|---|
| 001 | 0000052653 | ||
| 005 | 20151001.0 | ||
| 008 | 151001 | ||
| 020 | |a 9838805300 | ||
| 090 | 0 | 0 | |a 899.2333 |b SSH |
| 100 | 1 | |a S.shahril | |
| 245 | 1 | 0 | |a Mawar tiga serangkai |c S.shahril |
| 260 | |a Selangor : |b Eddiplex sdn bhd , |c 2002 | ||
| 490 | 0 | |a Siri novel mencabar keberanian | |
| 999 | |a 0000876481 |b Book |c Teenagers |e Cawangan Pontian | ||
| 999 | |a 0000876483 |b Book |c Adult Collection |e Cawangan Muar | ||